000
00212 a2200097 4500
001
30863
100
_a
Aziz Urfi
245
_a
Jamal-e-Mustafa
260
_a
Karachi
_b
Gillani Publishers
_c
090
_c
20760
_d
20760
942
_a
NUST-CAE
_c
M
_c
11959
999
_c
265936
_d
265936